Wielka korona tatr (WKT) - Statystyki

Ogólne statystyki
  • Ten quiz został rozwiązany 147 razy
  • Średni wynik to 10 z 14
Statystyki odpowiedzi
L.p Wysokość(m n.p.m) Szczyt % Poprawnych
1 2655 Gerlach
100%
2 2633 Łomnica
90%
9 2501 Rysy
88%
3 2627 Lodowy szczyt
83%
10 2495 Krywań
80%
4 2621 Durny szczyt
74%
5 2558 Wysoka
70%
6 2557 Kieżmarski szczyt
65%
8 2530 Baranie rogi
63%
13 2452 Sławkowski szczyt
59%
7 2536 Kończysta
55%
14 2439 Pośrednia grań
53%
11 2489 Staroleśny szczyt
49%
12 2464 Ganek
48%
Nie znaleziono quizów pasujących do podanych kryteriów
Rozkład punktacji
Procent ludzi z każdym wynikiem
Percentyl według liczby udzielonych odpowiedzi
Twoja historia wyników
Nie rozwiązałeś tego quizu